000 00731nam a2200193 a 4500
001 000036391
005 20200930075715.0
008 120116s1971 ag 000 0 spa d
040 _aDO-SdBNP
_bspa
_cBNPHU
100 1 _aEspich, James E.
_962588
240 1 0 _aDeveloping programmed instructional materials
_lespañol
245 1 0 _aComo preparar temas con instrucción programada :
_bmanual para programadores /
_cJames E. Espich ; Bill Williams ; traducción Luisa Kohen.
260 _aBuenos Aires :
_bCentro Regional de Ayuda Técnica
_bLibrería de las Naciones,
_c1971.
300 _a153 p. :
_bil. ;
_c22 cm.
500 _aIncluye índice
700 1 2 _aWilliams, Bill
_962589
700 1 2 _aKohen, Luisa
_962590
049 _aBNPD
999 _c35882
_d35882